| 000 | 01085nam a22003257a 4500 | ||
|---|---|---|---|
| 003 | CHAP | ||
| 005 | 20220329140226.0 | ||
| 008 | 971013s mx r 00010 spa d | ||
| 010 | _a48842 | ||
| 011 | _a49814 | ||
| 035 | _a53964 | ||
| 040 | _cCHAP | ||
| 090 | _aFolleto 10603 | ||
| 100 | 0 | 0 |
_aRivas García, Armando. _997559 |
| 245 | 1 |
_aBovinos especializados en producción de carne _b: reproducción |
|
| 260 |
_aChapingo, Méx. ; UACH. Departamento de Zootecnia, _c(19 ?) |
||
| 300 | _a19 h. | ||
| 500 | _aMimeógrafo | ||
| 590 |
_aBATCH-UPD _b10 _c20130110 _lUCH01 _h1336 |
||
| 590 |
_aBATCH-UPD _b10 _c20130410 _lUCH01 _h0839 |
||
| 590 |
_aBATCH-UPD _b10 _c20130914 _lUCH01 _h1510 |
||
| 590 |
_aCONVERSION _b10 _c20130109 _lUCH01 _h1327 |
||
| 650 | 1 | 4 |
_aGanado de carne _xFecundidad. _945083 |
| 650 | 1 | 4 |
_aGanado de carne _xReproducción. _945108 |
| 901 | _aBK | ||
| 942 | _cFOLL | ||
| 949 |
_aFolleto 10603 _bBC _cFOLL _d-119339 _eTS1 _i53964 _si |
||
| 949 |
_aFolleto 10603 _bBC _cFOLL _d-136034 _eTS2 _fc.2 _i53964 _si |
||
| 949 |
_aFolleto 10603 _bBC _cFOLL _d-136035 _eTS2 _fc.3 _i53964 _si |
||
| 999 |
_c48842 _d48842 |
||